| 000 | 00770nam a22002297a 4500 | ||
|---|---|---|---|
| 999 |
_c9225 _d9225 |
||
| 003 | AR-CdUCM | ||
| 008 | 190327b ||||| |||| 00| 0 spa d | ||
| 040 |
_aMUNICIPALIDAD PROVINCIAL DEL CUSCO _cBIBLIOTECA MUNICIPAL DEL CUSCO |
||
| 082 |
_a869.509 / _bM86 |
||
| 100 |
_aMore, Ernesto _9977 |
||
| 245 | _aHuellas HUmanas / | ||
| 260 |
_aLima : _bEdiciones San Marcos, _c1954. |
||
| 300 |
_a149 paginas ; _c22 cm. |
||
| 500 | _aDonacion de la Familia Nieto Dedicatoria a Luis Nieto | ||
| 505 | _aContenido: Vallejo -- El corregidor -- Jose Maria -- Domingo Martinez -- Jose Santos Chocano... | ||
| 650 |
_aAutores Peruanos _9731 |
||
| 650 |
_aPoesias _92556 |
||
| 650 |
_aHistoria y Critica _95993 |
||
| 650 |
_aSiglo XX _98 |
||
| 942 |
_2ddc _cLIBROS |
||
| 945 | _apjha | ||